000 00887nam a22002417a 4500
005 20080811141834.0
008 080811t xxu||||| |||| 00| 0 eng d
010 _aENG-90706
020 _c625.00
_a8184350864
035 _aEN-74239
037 _bDBAD / PUB
040 _aDPL
_bENGLISH
082 _a174.4
100 _aGiri, Ramadhar
245 _aBusiness ethics and corporate governance /
_cby Ramadha Giri
260 _aNew Delhi
_bAdhyayan Publishers & Distributors
_c2007
300 _avi, 224p.
_c22 cm.(Hb)
500 _aIncludes bibliographical references and index
650 _aBusiness ethics
650 _aSocial responsibility of business
942 _2ddc
_cEN
_h174.4
_mGIR
999 _c14803
_d14803